Statistiken für Sahel-länder

Klicken Sie hier um das Quiz zu spielen!

Allgemein

  • Dieses Quiz wurde 27 mal gespielt
  • Das Durchschnittsergebnis liegt bei 8 aus 12

Antwortstatistiken

landHauptstadt% Korrekt
AlgerienAlgier
94%
SenegalDakar
82%
ÄthiopienAddis Abeba
71%
sudanKhartum
71%
NigeriaAbuja
65%
EritreaAsmara
65%
SüdsudanJuba
65%
Burkina FasoOuagadougou
65%
MaliBamako
59%
NigerNiamey
59%
TschadN'Djamena
47%
MauretanienNouakchott
47%

Verteilung der Resultate

Perzentil nach korrekt beantworteten Fragen

Anzahl Personen mit jedem Resultat

Ihre Resultats-Entwicklung

Sie haben dieses Quiz noch nicht gespielt